00000000nas 2200000zi 4500
0019.916048
003CaOODSP
00520241210181637
006m     o  d f      
007cr cn ||||||||
008221011d20162024onctr p o    f0###a0eng|d
022 |a2818-2766
040 |aCaOODSP|beng|erda|cCaOODSP
043 |an-cn---
0861 |aT91-11E-PDF
1101 |aCanada. |bInfrastructure Canada, |eauthor, |eissuing body.
222 0|aQuarterly financial report for the quarter ended ... |b(Canada. Infrastructure Canada)
24510|aQuarterly financial report for the quarter ended ... / |cOffice of Infrastructure of Canada.
264 1|a[Ottawa] : |bInfrastructure Canada, |c[2016-2024]
310 |aThree times a year
336 |atext|btxt|2rdacontent
337 |acomputer|bc|2rdamedia
338 |aonline resource|bcr|2rdacarrier
3621 |aBegan with: June 30, 2016; ceased with: June 30th, 2024.
500 |aIssued also in French under title: Rapport financier trimestriel pour le trimestre se terminant le ...
500 |aIssues for 2016 to 2018 only available in HTML format.
588 |aDescription based on: June 30, 2016; title from HTML header.
588 |aLatest issue consulted: June 30th, 2024.
61010|aCanada. |bInfrastructure Canada|xAppropriations and expenditures|vPeriodicals.
650 0|aFinance, Public|zCanada|vPeriodicals.
655 7|aPeriodicals|2lcgft
77508|tRapport financier trimestriel pour le trimestre se terminant le ... / |w(CaOODSP)9.916049
78500|tQuarterly financial report for the quarter ended ... / |w(CaOODSP)9.942632
85640|qHTML|sN/A|uhttps://housing-infrastructure.canada.ca/pub/index-eng.html#corp